Um novo IVA? (Registro nro. 171579)
[ vista simple ]
| 000 -LEADER | |
|---|---|
| fixed length control field | 01901nam a22002537a 4500 |
| 007 - PHYSICAL DESCRIPTION FIXED FIELD--GENERAL INFORMATION | |
| fixed length control field | cr|||| |||| |
| 008 - FIXED-LENGTH DATA ELEMENTS--GENERAL INFORMATION | |
| fixed length control field | 220516s2021 br |||||s|||| 00||0 por d |
| 020 ## - INTERNATIONAL STANDARD BOOK NUMBER | |
| International Standard Book Number | 978-65-89888-15-4 |
| 035 ## - | |
| -- | 36406 |
| 040 ## - CATALOGING SOURCE | |
| Original cataloging agency | vLex |
| 090 ## - | |
| -- | 13343 |
| -- | 13343 |
| 100 1# - MAIN ENTRY--PERSONAL NAME | |
| Personal name | Guimarães Castello, Melissa |
| 245 12 - TITLE STATEMENT | |
| Title | Um novo IVA? |
| Medium | [Recurso electrónico] : |
| Remainder of title | Os tributos sobre o consumo e a economia digital / |
| Statement of responsibility, etc | Melissa Guimarães Castello |
| 256 ## - | |
| -- | Servicio en línea |
| 260 ## - PUBLICATION, DISTRIBUTION, ETC. (IMPRINT) | |
| Place of publication, distribution, etc | San Pablo: |
| Name of publisher, distributor, etc | Editora Noeses, |
| Date of publication, distribution, etc | 2021 |
| 300 ## - PHYSICAL DESCRIPTION | |
| Extent | 1 recurso electrónico |
| 500 ## - GENERAL NOTE | |
| General note | A Autora discorre sobre os desafios atuais e futuros do IVA - Imposto sobre Valor Agregado na nova economia digital. Aponta a necessidade de modificação da estrutura do IVA, como imposto sobre consumo, para que esse tributo esteja apto a incidir sobre o consumo do Século XXI, com observância aos princípios da neutralidade e da eficiência. Enfrenta a questão tributária de como tributar o consumo no Século XXI, diante do comércio eletrônico; das novas tecnologias e inteligência artificial, que levam às profundas modificações nas relações de consumo e nas cadeias produtivas. Trata-se de obra de abordagem inédita e atual, apta a fomentar o debate das propostas de reforma tributária, merecendo a recomendação não apenas no Brasil como a nível internacional, dada a natureza desse imposto e dos problemas atuais abordados pela Autora. |
| 506 1# - RESTRICTIONS ON ACCESS NOTE | |
| Terms governing access | Disponible solo en los productos indicados |
| Authorized users | vLex Global |
| -- | vLex Global (Academic Edition, excluding Law Schools) |
| -- | vLex Global (U.S. Academic Edition, Law Schools) |
| -- | vLex Global (U.S. Academic Edition, excluding Law Schools) |
| -- | vLex Global (Academic Edition, Law Schools) |
| 650 04 - SUBJECT ADDED ENTRY--TOPICAL TERM | |
| Topical term or geographic name as entry element | Derecho Tributario |
| Geographic subdivision | Brasil |
| 740 0# - | |
| -- | vLex Libros (Servicio en línea) |
| 856 40 - LOCALIZACIÓN Y ACCESO ELECTRÓNICO | |
| Identificador Uniforme del Recurso (URI/URL) | https://app.vlex.com/#/sources/36406 |
| 942 ## - | |
| -- | RAA |
| 999 ## - | |
| -- | 171579 |
| -- | 171579 |
No hay ítems disponibles.